[Event "40th Olympiad Women"]
[Site "Istanbul TUR"]
[Date "2012.08.28"]
[Round "1.7"]
[Board "2"]
[White "Munoz, Doribel"]
[Black "Rajlich, Iweta"]
[Result "0-1"]
[WhiteTitle "WCM"]
[BlackTitle "IM"]
[WhiteElo "1933"]
[BlackElo "2412"]
[WhiteTeam "Dominican Republic"]
[BlackTeam "Poland"]
[WhiteFideId "6400574"]
[BlackFideId "1108166"]
[EventDate "2012.08.28"]

1. e4 c5 2. Nc3 Nc6 3. g3 g6 4. Bg2 Bg7 5. Nf3 e6 6. O-O Nge7 7. Re1 d6 8. d3
O-O 9. Bf4 e5 10. Bg5 h6 11. Be3 Be6 12. Qd2 Kh7 13. Ne2 b6 14. c4 Nd4 15. Bxd4
cxd4 16. Nh4 g5 17. Nf5 Nxf5 18. exf5 Bxf5 19. Bxa8 Qxa8 20. Nc1 Bh3 21. f3 Qxf3
22. Qe2 Qf6 23. Qe4+ Bf5 24. Qf3 g4 25. Qb7 Bc8 26. Qe4+ Kh8 27. Rf1 Qg5 28. Qd5
Qe7 29. Qe4 f5 30. Qe2 Bb7 31. Nb3 Qd7 32. Qf2 Qc6 0-1

[Event "40th Olympiad Women"]
[Site "Istanbul TUR"]
[Date "2012.08.28"]
[Round "1.7"]
[Board "3"]
[White "Zawadzka, Jolanta"]
[Black "Aybar Portes, Omaira"]
[Result "1-0"]
[WhiteTitle "WGM"]
[WhiteElo "2377"]
[BlackElo "1844"]
[WhiteTeam "Poland"]
[BlackTeam "Dominican Republic"]
[WhiteFideId "1122320"]
[BlackFideId "6402143"]
[EventDate "2012.08.28"]

1. e4 c5 2. Nf3 e6 3. d4 cxd4 4. Nxd4 a6 5. Nc3 Qc7 6. Bd3 Nf6 7. f4 d6 8. Qe2
Nbd7 9. a4 b6 10. g4 Nc5 11. g5 Nxd3+ 12. cxd3 Nd7 13. Be3 Bb7 14. Rc1 Rc8 15.
O-O Qb8 16. Rf3 Be7 17. Rh3 Ba8 18. g6 fxg6 19. Nxe6 Bf6 20. Rf1 Nc5 21. Ng5 h6
22. d4 Nd7 23. Qg4 Nf8 24. e5 Qb7 1-0

[Event "40th Olympiad Women"]
[Site "Istanbul TUR"]
[Date "2012.08.28"]
[Round "1.7"]
[Board "4"]
[White "Hazim, Elizabeth"]
[Black "Szczepkowska-Horowska, Karina"]
[Result "0-1"]
[WhiteTitle "WCM"]
[BlackTitle "WGM"]
[WhiteElo "1834"]
[BlackElo "2375"]
[WhiteTeam "Dominican Republic"]
[BlackTeam "Poland"]
[WhiteFideId "6400183"]
[BlackFideId "1122681"]
[EventDate "2012.08.28"]

1. e4 d6 2. d4 Nf6 3. Nc3 Nc6 4. Nf3 Bg4 5. Be2 e5 6. Bg5 Bxf3 7. Bxf3 Nxd4 8.
O-O Be7 9. Qd3 O-O 10. Ne2 Ne6 11. Be3 Nd7 12. g3 Bg5 13. Bg2 Bxe3 14. Qxe3 Qg5
15. f4 exf4 16. gxf4 Qc5 17. Qxc5 Nexc5 18. Nc3 Rfe8 19. Rad1 Nb6 20. b3 Re7 21.
Rfe1 Rae8 22. Kf2 h6 23. h4 Kf8 24. a4 a5 25. Re2 Re6 26. Rde1 g6 27. Bh3 R6e7
28. Bg4 h5 29. Bh3 Kg7 30. Bg2 Kf8 31. Nd5 Nxd5 32. exd5 Rxe2+ 33. Rxe2 Rb8 34.
Ke1 b5 35. axb5 Rxb5 36. Re3 Rb4 37. Rf3 Ke7 38. Kd2 Kf6 39. Ke3 Re4+ 40. Kf2
Rd4 41. c4 Rd2+ 42. Kg3 Rb2 43. Bf1 Rxb3 44. Rxb3 Nxb3 45. Bd3 Nc5 46. Bb1 a4
47. Kf3 a3 48. Ke3 Nb3 0-1

[Event "40th Olympiad Women"]
[Site "Istanbul TUR"]
[Date "2012.08.28"]
[Round "1.8"]
[Board "1"]
[White "Razan, Alshaeby"]
[Black "Mkrtchian, Lilit"]
[Result "0-1"]
[BlackTitle "IM"]
[WhiteElo "1687"]
[BlackElo "2454"]
[WhiteTeam "Jordan"]
[BlackTeam "Armenia"]
[WhiteFideId "8102953"]
[BlackFideId "13300601"]
[EventDate "2012.08.28"]

1. c4 Nf6 2. Nc3 e5 3. Nf3 Nc6 4. g3 d5 5. cxd5 Nxd5 6. Qb3 Nb6 7. Bg2 Be7 8.
O-O O-O 9. d3 Be6 10. Qd1 Re8 11. e3 Qd7 12. d4 exd4 13. exd4 Rad8 14. Ne5 Nxe5
15. dxe5 Qxd1 16. Rxd1 Rxd1+ 17. Nxd1 c6 18. Nc3 Nc4 19. f4 f6 20. exf6 Bxf6 21.
Bf3 Bf5 22. Be2 Bd4+ 23. Kf1 Bh3+ 24. Ke1 Bxc3+ 0-1

[Event "40th Olympiad Women"]
[Site "Istanbul TUR"]
[Date "2012.08.28"]
[Round "1.8"]
[Board "2"]
[White "Galojan, Lilit"]
[Black "Dahdal, Lougain"]
[Result "0-1"]
[WhiteTitle "IM"]
[BlackTitle "WIM"]
[WhiteElo "2349"]
[BlackElo "1923"]
[WhiteTeam "Armenia"]
[BlackTeam "Jordan"]
[WhiteFideId "13301314"]
[BlackFideId "8102880"]
[EventDate "2012.08.28"]

1. d4 Nf6 2. c4 e6 3. g3 d5 4. Nf3 Nbd7 5. Bg2 Bb4+ 6. Bd2 Be7 7. Qc2 c6 8. O-O
O-O 9. Bf4 b6 10. Nbd2 Bb7 11. Rfd1 Rc8 12. Qa4 a6 13. Qb3 c5 14. cxd5 exd5 15.
Ne5 c4 16. Qc2 b5 17. Bh3 b4 18. a3 a5 19. axb4 axb4 20. b3 cxb3 21. Qxb3 Rc3
22. Qb1 Nxe5 23. Bxe5 Qb6 24. Rc1 Rxc1+ 25. Qxc1 Ne4 26. Nxe4 dxe4 27. e3 Bd5
28. Qc7 Qxc7 29. Bxc7 b3 30. Rb1 Bb4 31. f3 f5 32. fxe4 fxe4 33. Bg2 Rc8 34. Be5
Rc3 35. Bf4 Ba3 36. Kf2 Rc2+ 0-1

[Event "40th Olympiad Women"]
[Site "Istanbul TUR"]
[Date "2012.08.28"]
[Round "1.9"]
[Board "1"]
[White "Steil-Antoni, Fiona"]
[Black "Foisor, Cristina-Adela"]
[Result "0-1"]
[WhiteTitle "WIM"]
[BlackTitle "IM"]
[WhiteElo "2173"]
[BlackElo "2402"]
[WhiteTeam "Luxembourg"]
[BlackTeam "Romania"]
[WhiteFideId "4001249"]
[BlackFideId "1200496"]
[EventDate "2012.08.28"]

1. e4 e5 2. Nf3 Nc6 3. d4 exd4 4. Nxd4 Nf6 5. Nc3 Bb4 6. Nxc6 bxc6 7. Bd3 d5 8.
exd5 cxd5 9. Qe2+ Qe7 10. Qxe7+ Kxe7 11. O-O c6 12. a3 Bd6 13. Re1+ Be6 14. Ne2
c5 15. Nf4 c4 16. Bf5 Bxf4 17. Bxf4 Kd7 18. Bxe6+ fxe6 19. Be5 Ke7 20. h3 Rhc8
21. Re3 Rc6 22. b4 cxb3 23. Rxb3 Rxc2 24. Rb7+ Nd7 25. Bxg7 Kd6 26. Bd4 a6 27.
Rab1 e5 28. Be3 h5 29. f4 Rg8 30. fxe5+ Ke6 31. Bf2 Nxe5 32. R1b3 d4 33. R7b6+
Kf5 34. Rh6 d3 35. Rxh5+ Rg5 36. Rxg5+ Kxg5 37. Be3+ Kf5 38. Kf1 Ra2 39. Bh6 a5
40. g4+ Ke4 41. Ke1 Rh2 0-1

[Event "40th Olympiad Women"]
[Site "Istanbul TUR"]
[Date "2012.08.28"]
[Round "1.9"]
[Board "3"]
[White "Boyarchenko, Vlada"]
[Black "L'Ami, Alina"]
[Result "0-1"]
[BlackTitle "WGM"]
[WhiteElo "1755"]
[BlackElo "2372"]
[WhiteTeam "Luxembourg"]
[BlackTeam "Romania"]
[WhiteFideId "4000072"]
[BlackFideId "1210246"]
[EventDate "2012.08.28"]

1. d4 Nf6 2. Bf4 g6 3. Nf3 Bg7 4. e3 d6 5. Be2 Nbd7 6. h3 c5 7. c3 O-O 8. O-O b6
9. Nbd2 Bb7 10. b4 Nd5 11. Qb3 cxb4 12. cxb4 Nxf4 13. exf4 Nf6 14. Rac1 Qd7 15.
Bd3 Nh5 16. f5 gxf5 17. Qc2 e6 18. Qc7 Qxc7 19. Rxc7 Bd5 20. a3 Bh6 21. Bc4 Bxf3
22. Nxf3 Rfc8 23. Rxc8+ Rxc8 24. Ba6 Rc3 25. Ra1 Nf4 26. Bb7 Bg7 27. Kf1 Bf6 28.
a4 Nd3 29. b5 Rc2 30. a5 Rxf2+ 31. Kg1 Rb2 32. axb6 axb6 33. Bc6 Nf4 34. Ra6
Ne2+ 35. Kh1 Nxd4 36. Be8 Nxb5 37. Rxb6 Nc7 38. Rxb2 Bxb2 39. Ba4 Kg7 40. Kg1 e5
41. Bd7 Kf6 0-1

[Event "40th Olympiad Women"]
[Site "Istanbul TUR"]
[Date "2012.08.28"]
[Round "1.9"]
[Board "4"]
[White "Sandu, Mihaela"]
[Black "Kremer, Nadine"]
[Result "1-0"]
[WhiteTitle "WGM"]
[WhiteElo "2246"]
[BlackElo "1788"]
[WhiteTeam "Romania"]
[BlackTeam "Luxembourg"]
[WhiteFideId "1204327"]
[BlackFideId "4002970"]
[EventDate "2012.08.28"]

1. e4 c5 2. Nf3 d6 3. d4 cxd4 4. Nxd4 Nf6 5. Nc3 a6 6. Be2 e5 7. Nb3 Be7 8. O-O
Be6 9. Be3 Nbd7 10. a4 Rc8 11. Qd2 Nb6 12. Rfd1 Nc4 13. Bxc4 Rxc4 14. f3 O-O 15.
Nd5 Nxd5 16. exd5 Bf5 17. c3 Qd7 18. a5 Qb5 19. Nc1 Ra4 20. Rxa4 Qxa4 21. b4 Rc8
22. Ne2 Bc2 23. Rc1 Bb3 24. Ng3 Qa2 25. Nf5 Kf8 26. Qe1 Bxd5 27. Nxe7 Kxe7 28.
Qh4+ f6 29. Qxh7 Kf7 30. Qh5+ Kg8 31. Qf5 Be6 32. Qd3 d5 33. Bc5 Kf7 34. Re1 Rh8
35. Qe3 Rh6 36. Qf2 Qc4 37. Be3 Rh8 38. f4 Qxc3 39. Rc1 Qd3 40. fxe5 Qf5 41.
Rc7+ Kg6 42. exf6 gxf6 43. Qxf5+ Kxf5 44. Rxb7 Rc8 45. Bc5 d4 46. Bxd4 Rc2 47.
Rg7 Rd2 48. Bc5 Kf4 49. h3 f5 50. h4 Rd8 51. Kh2 1-0

[Event "40th Olympiad Women"]
[Site "Istanbul TUR"]
[Date "2012.08.28"]
[Round "1.10"]
[Board "1"]
[White "Matnadze, Ana"]
[Black "Mona, Khaled"]
[Result "1/2-1/2"]
[WhiteTitle "IM"]
[BlackTitle "WGM"]
[WhiteElo "2422"]
[BlackElo "2121"]
[WhiteTeam "Spain"]
[BlackTeam "Egypt"]
[WhiteFideId "13601377"]
[BlackFideId "10605908"]
[EventDate "2012.08.28"]

1. d4 c5 2. e3 Nf6 3. Nf3 d5 4. Bb5+ Bd7 5. a4 a6 6. Bxd7+ Nbxd7 7. O-O e6 8. c4
dxc4 9. a5 Qc7 10. Qe2 cxd4 11. exd4 Nd5 12. Nc3 Nxc3 13. bxc3 Bd6 14. d5 O-O
15. dxe6 Rae8 16. exf7+ Kxf7 17. Qd1 Kg8 18. Qd5+ Kh8 19. Rd1 Ne5 20. Qxd6 Rd8
21. Ba3 Rxd6 22. Bxd6 Nxf3+ 23. gxf3 Qf7 24. Bxf8 Qxf8 25. Rd4 h6 26. Kg2 Qc5
27. Ra4 h5 28. h4 Qc6 29. Rdxc4 Qg6+ 30. Kh2 Qd3 31. Kg3 Qf1 32. Rc5 Qg1+ 33.
Kf4 Qxf2 34. Rxh5+ Kg8 35. Rd4 Qh2+ 36. Ke3 Qg1+ 37. Ke2 Qg2+ 38. Ke3 Qg1+ 39.
Ke2 Qg2+ 40. Ke3 Qg1+ 41. Ke2 Qg2+ 1/2-1/2

[Event "40th Olympiad Women"]
[Site "Istanbul TUR"]
[Date "2012.08.28"]
[Round "1.10"]
[Board "2"]
[White "Wafa, Shrook"]
[Black "Alexandrova, Olga"]
[Result "1/2-1/2"]
[WhiteTitle "WFM"]
[BlackTitle "IM"]
[WhiteElo "1911"]
[BlackElo "2417"]
[WhiteTeam "Egypt"]
[BlackTeam "Spain"]
[WhiteFideId "10609970"]
[BlackFideId "14102463"]
[EventDate "2012.08.28"]

1. e4 c6 2. d4 d5 3. Nc3 dxe4 4. Nxe4 Nd7 5. Ng5 Ngf6 6. Bd3 e6 7. N1f3 Bd6 8.
Qe2 h6 9. Ne4 Nxe4 10. Qxe4 Nf6 11. Qe2 Qc7 12. Bd2 b6 13. O-O-O Bb7 14. Ne5
O-O-O 15. Rhe1 c5 16. g3 cxd4 17. Nc4 g5 18. h4 Rhg8 19. Nxd6+ Qxd6 20. Ba6 Bxa6
21. Qxa6+ Kb8 22. hxg5 hxg5 23. f4 Nd5 24. Re4 Nc7 25. Qd3 f5 26. Re5 g4 27. Be3
Qc6 28. Bxd4 Rh8 29. Qc3 Qxc3 30. Bxc3 Rxd1+ 31. Kxd1 Rh3 32. Re3 Kb7 33. Bd4
Nd5 34. Rb3 Kc6 35. c4 Nc7 36. Re3 Rh2 37. Re2 Rh6 38. Kd2 Ne8 39. Be5 a5 40. b3
Rh1 41. Re1 Rh2+ 42. Re2 Rh3 43. Re3 Nd6 44. Bxd6 Kxd6 45. a3 Rh1 46. Re1 Rxe1
47. Kxe1 Kc5 48. Kd1 a4 49. bxa4 Kxc4 50. Kc2 Kd4 51. Kd2 e5 52. fxe5 Kxe5 53.
Ke3 Kd5 54. Kd3 Kc5 55. Ke3 Kd6 56. Kd2 Ke7 57. Ke3 Kf7 58. Kd3 Kf6 59. Kd2 Ke7
60. Ke1 Kd6 61. Kd2 Kc5 62. Ke3 Kd5 63. Kd3 Kc6 64. Ke2 Kd7 65. Kd1 Kc8 66. Ke2
Kd8 67. Kd2 Ke8 68. Ke2 Kf7 69. Kd3 Kf6 70. Kd2 Ke5 71. Ke3 f4+ 72. gxf4+ Kf5
73. a5 bxa5 74. a4 Ke6 75. Kf2 Kf6 76. Kg2 Kg6 1/2-1/2

[Event "40th Olympiad Women"]
[Site "Istanbul TUR"]
[Date "2012.08.28"]
[Round "1.10"]
[Board "3"]
[White "Calzetta Ruiz, Monica"]
[Black "Alaa El Din, Yosra"]
[Result "1-0"]
[WhiteTitle "WGM"]
[BlackTitle "WIM"]
[WhiteElo "2276"]
[BlackElo "1819"]
[WhiteTeam "Spain"]
[BlackTeam "Egypt"]
[WhiteFideId "2204185"]
[BlackFideId "10606610"]
[EventDate "2012.08.28"]

1. e4 e6 2. d4 d5 3. Nd2 c5 4. Ngf3 Nc6 5. exd5 exd5 6. Bb5 cxd4 7. O-O Bd6 8.
Re1+ Ne7 9. Nxd4 O-O 10. N2b3 a6 11. Bd3 Nb4 12. Bf1 Qc7 13. g3 Nf5 14. Bg2 Nxd4
15. Nxd4 Be5 16. c3 Bxd4 17. cxd4 Be6 18. Bf4 Qc2 19. Bd6 Qxd1 20. Rexd1 Nc2 21.
Rac1 Rfd8 22. Bc7 1-0

[Event "40th Olympiad Women"]
[Site "Istanbul TUR"]
[Date "2012.08.28"]
[Round "1.10"]
[Board "4"]
[White "Wafa, Shahenda"]
[Black "Hernandez Estevez, Yudania"]
[Result "0-1"]
[WhiteTitle "WFM"]
[BlackTitle "WIM"]
[WhiteElo "1830"]
[BlackElo "2252"]
[WhiteTeam "Egypt"]
[BlackTeam "Spain"]
[WhiteFideId "10609962"]
[BlackFideId "2219344"]
[EventDate "2012.08.28"]

1. e4 e5 2. Nf3 Nc6 3. Bb5 f5 4. d3 Nf6 5. Nc3 fxe4 6. dxe4 Bc5 7. O-O O-O 8.
Bg5 d6 9. Nd5 Kh8 10. Nxf6 gxf6 11. Be3 Bb6 12. h3 f5 13. exf5 Bxf5 14. Bg5 Qe8
15. Nh4 Be6 16. Be3 Qf7 17. Bxb6 axb6 18. a3 Qg7 19. Kh1 Rf4 20. Nf3 Raf8 21.
Rg1 Qh6 22. Nh2 Rxf2 23. Rf1 Nd4 24. Bd3 Bd5 25. Rxf2 Rxf2 26. Qg4 Rxg2 27. Qxg2
Bxg2+ 28. Kxg2 Qd2+ 29. Kg1 e4 30. Bc4 d5 31. Bf1 e3 0-1

[Event "40th Olympiad Women"]
[Site "Istanbul TUR"]
[Date "2012.08.28"]
[Round "1.11"]
[Board "1"]
[White "Mir Mahmoud, Afamia"]
[Black "Gara, Ticia"]
[Result "1/2-1/2"]
[BlackTitle "WGM"]
[WhiteElo "1970"]
[BlackElo "2385"]
[WhiteTeam "Syria"]
[BlackTeam "Hungary"]
[WhiteFideId "7600674"]
[BlackFideId "717444"]
[EventDate "2012.08.28"]

1. d4 Nf6 2. Nf3 g6 3. c4 Bg7 4. Nc3 d5 5. Qb3 dxc4 6. Qxc4 O-O 7. Bf4 Na6 8. e4
c5 9. dxc5 Be6 10. Qb5 Bd7 11. Qxb7 Nxc5 12. Qb4 Ne6 13. Be5 a5 14. Qa3 Qb6 15.
Nd5 Nxd5 16. exd5 Nd4 17. Bxd4 Bxd4 18. Nxd4 Qxd4 19. Be2 Rab8 20. O-O Rxb2 21.
Rad1 Qb4 22. Qxb4 Rxb4 23. Rb1 Rfb8 24. Bd3 Rxb1 25. Rxb1 Rxb1+ 26. Bxb1 Kg7 27.
f4 Kf6 28. Bd3 Bf5 29. Bc4 e5 30. dxe6 Bxe6 31. Bxe6 Kxe6 32. Kf2 Kd5 33. Ke3
Kc4 34. Kd2 h5 35. g3 f6 36. Kc2 f5 37. h4 Kb4 38. Kb2 Ka4 39. a3 Kb5 40. Kc3
Kc5 41. a4 Kd5 42. Kd3 Kc5 1/2-1/2

[Event "40th Olympiad Women"]
[Site "Istanbul TUR"]
[Date "2012.08.28"]
[Round "1.11"]
[Board "3"]
[White "Algildah, Nibal"]
[Black "Gara, Anita"]
[Result "0-1"]
[WhiteTitle "WIM"]
[BlackTitle "IM"]
[WhiteElo "1881"]
[BlackElo "2306"]
[WhiteTeam "Syria"]
[BlackTeam "Hungary"]
[WhiteFideId "7600950"]
[BlackFideId "709751"]
[EventDate "2012.08.28"]

1. Nf3 c5 2. c4 Nc6 3. e3 e6 4. Nc3 Nf6 5. d4 d5 6. Be2 a6 7. a3 Bd6 8. O-O O-O
9. Qc2 cxd4 10. exd4 dxc4 11. Bxc4 h6 12. h3 b5 13. Be2 Bb7 14. Be3 Ne7 15. Rac1
Nf5 16. Rfd1 Rc8 17. Qd3 Qe7 18. Nd2 Nh4 19. Nde4 Nxe4 20. Nxe4 f5 21. Nxd6 Qxd6
22. f3 Qg3 23. Kf1 Qxg2+ 24. Ke1 Nxf3+ 25. Bxf3 Bxf3 0-1

[Event "40th Olympiad Women"]
[Site "Istanbul TUR"]
[Date "2012.08.28"]
[Round "1.11"]
[Board "4"]
[White "Papp, Petra"]
[Black "Stef, Shirin"]
[Result "1-0"]
[WhiteTitle "WGM"]
[WhiteElo "2302"]
[BlackElo "1942"]
[WhiteTeam "Hungary"]
[BlackTeam "Syria"]
[WhiteFideId "739049"]
[BlackFideId "7602030"]
[EventDate "2012.08.28"]

1. e4 e6 2. d4 d5 3. Nc3 Nf6 4. e5 Nfd7 5. f4 c5 6. Nf3 Nc6 7. Be3 cxd4 8. Nxd4
Bc5 9. Qd2 Nxd4 10. Bxd4 Bxd4 11. Qxd4 Qb6 12. Nb5 Qxd4 13. Nxd4 Nb8 14. O-O-O
a6 15. Be2 Bd7 16. Rhe1 Nc6 17. g4 g6 18. c3 Rc8 19. Kd2 Na5 20. Ke3 Ke7 21. h4
Nc6 22. Bd3 h5 23. g5 b5 24. Ra1 Rc7 25. Nf3 Na5 26. Nd2 Rb8 27. b4 Nb7 28. Rec1
Rbc8 29. Kd4 Nd8 30. Nb3 Nb7 31. Be2 Be8 32. Kd3 Rc4 33. Nd4 Nd8 34. Kd2 R4c7
35. a4 Nc6 36. Nf3 Na7 37. Nd4 Nc6 38. Nf3 Nb8 39. axb5 Bxb5 40. Bxb5 axb5 41.
Nd4 Rc4 42. Ra7+ Ke8 43. Nxb5 Kf8 44. Raa1 Ke8 45. Rh1 1-0

[Event "40th Olympiad Women"]
[Site "Istanbul TUR"]
[Date "2012.08.28"]
[Round "1.12"]
[Board "1"]
[White "Lang, Heather"]
[Black "Skripchenko, Almira"]
[Result "0-1"]
[BlackTitle "IM"]
[WhiteElo "2015"]
[BlackElo "2442"]
[WhiteTeam "Scotland"]
[BlackTeam "France"]
[WhiteFideId "2400979"]
[BlackFideId "13900145"]
[EventDate "2012.08.28"]

1. e4 c5 2. Nc3 Nc6 3. g3 g6 4. Bg2 Bg7 5. d3 d6 6. Be3 Nh6 7. h3 f5 8. Qd2 Nf7
9. f4 O-O 10. Nf3 Nd4 11. O-O Bd7 12. Rab1 Bc6 13. g4 e6 14. Bf2 Nxf3+ 15. Bxf3
e5 16. Be3 fxe4 17. Nxe4 exf4 18. Bxf4 h6 19. Bg2 Kh7 20. b4 cxb4 21. Rxb4 Rc8
22. c4 d5 23. cxd5 Bxd5 24. Be3 Ne5 25. g5 Rxf1+ 26. Kxf1 Qf8+ 27. Nf6+ Bxf6 28.
Bxd5 Bxg5+ 29. Kg2 b6 30. Bxg5 hxg5 31. Re4 Nf3 32. Qe2 Nh4+ 33. Kh2 Qd6+ 34.
Re5 Rc2 35. Qxc2 Qxe5+ 36. Kg1 Qxd5 37. Qe2 Qc5+ 38. d4 Qxd4+ 39. Kh1 Nf5 0-1

[Event "40th Olympiad Women"]
[Site "Istanbul TUR"]
[Date "2012.08.28"]
[Round "1.12"]
[Board "3"]
[White "Giulian, Rosemary A"]
[Black "Collas, Silvia"]
[Result "0-1"]
[BlackTitle "IM"]
[WhiteElo "1894"]
[BlackElo "2261"]
[WhiteTeam "Scotland"]
[BlackTeam "France"]
[WhiteFideId "2400375"]
[BlackFideId "2902265"]
[EventDate "2012.08.28"]

1. e4 c5 2. Nc3 e6 3. f4 Nc6 4. Nf3 Nge7 5. Bb5 a6 6. Bxc6 Nxc6 7. O-O d5 8. e5
Be7 9. d3 O-O 10. a4 f6 11. Qe2 fxe5 12. fxe5 Bd7 13. b3 Be8 14. h3 Bh5 15. g4
Bg6 16. Bb2 Qc7 17. Nb1 Nb4 18. Na3 d4 19. Nd2 Nd5 20. Ndc4 b6 21. Rxf8+ Rxf8
22. Rf1 Rb8 23. Bc1 b5 24. axb5 axb5 25. Nd2 Ne3 26. Rf3 Qxe5 27. Ne4 h5 28.
Bxe3 dxe3 29. Qxe3 Qa1+ 30. Kg2 Qxa3 31. Nd6 Bxd6 32. Qxe6+ Kh7 33. Qxd6 Qa7 34.
Rf4 Re8 35. gxh5 Bxh5 36. Rf2 Qa8+ 37. Kh2 c4 38. Qc5 Qb8+ 39. Kg2 Re5 40. Qd4
Rg5+ 41. Kf1 Qg3 0-1

[Event "40th Olympiad Women"]
[Site "Istanbul TUR"]
[Date "2012.08.28"]
[Round "1.12"]
[Board "4"]
[White "Bollengier, Andreea"]
[Black "Durno, Joy"]
[Result "1-0"]
[WhiteTitle "WIM"]
[BlackTitle "WFM"]
[WhiteElo "2253"]
[BlackElo "1863"]
[WhiteTeam "France"]
[BlackTeam "Scotland"]
[WhiteFideId "1203347"]
[BlackFideId "2403501"]
[EventDate "2012.08.28"]

1. c4 c5 2. Nf3 Nf6 3. g3 g6 4. Bg2 Bg7 5. O-O O-O 6. d4 cxd4 7. Nxd4 Nc6 8. Nc2
d6 9. Nc3 Ng4 10. Qd2 Nge5 11. b3 Re8 12. Bb2 Be6 13. Ne3 Rb8 14. h3 f5 15. Ned5
a6 16. a4 Bf7 17. Rab1 Nd7 18. Ba1 Nf6 19. Kh2 e6 20. Nxf6+ Bxf6 21. Rfd1 Bd4
22. Bxc6 1-0

[Event "40th Olympiad Women"]
[Site "Istanbul TUR"]
[Date "2012.08.28"]
[Round "1.13"]
[Board "2"]
[White "Puuska, Heini"]
[Black "Pina Vega, Sulennis"]
[Result "0-1"]
[WhiteTitle "WFM"]
[BlackTitle "WGM"]
[WhiteElo "1995"]
[BlackElo "2345"]
[WhiteTeam "Finland"]
[BlackTeam "Cuba"]
[WhiteFideId "502324"]
[BlackFideId "3503151"]
[EventDate "2012.08.28"]

1. d4 d5 2. c4 dxc4 3. Nf3 a6 4. a4 Nf6 5. e3 Bg4 6. Bxc4 e6 7. O-O Nc6 8. Nc3
Bd6 9. e4 Bxf3 10. gxf3 e5 11. dxe5 Nxe5 12. Be2 Ng6 13. Qb3 Qc8 14. f4 Nxf4 15.
Bxf4 Bxf4 16. Nd5 Nxd5 17. exd5 O-O 18. Qf3 Qf5 19. Kh1 Qe5 20. Bd3 g6 21. Rfe1
Qd6 22. h3 Rfe8 23. b3 Rad8 24. Bc4 Re5 25. Re4 Rxe4 26. Qxe4 Qf6 27. Re1 Bd6
28. Re2 Kg7 29. Kg2 Rd7 30. Qf3 Re7 31. Qxf6+ Kxf6 32. Rxe7 Kxe7 33. Kf3 f5 34.
Ke3 Bc5+ 35. Ke2 g5 36. f3 Kf6 37. Kf1 Ke5 38. Kg2 Kd4 39. Kf2 Kc3+ 40. Ke2 h5
41. Kf1 Bd6 42. Kf2 b5 43. axb5 a5 44. f4 g4 45. hxg4 hxg4 46. Be2 Kxb3 47. Ke3
a4 0-1

[Event "40th Olympiad Women"]
[Site "Istanbul TUR"]
[Date "2012.08.28"]
[Round "1.13"]
[Board "3"]
[White "Linares Napoles, Oleiny"]
[Black "Nazarova, Anastasia"]
[Result "1-0"]
[WhiteTitle "WGM"]
[WhiteElo "2355"]
[BlackElo "1693"]
[WhiteTeam "Cuba"]
[BlackTeam "Finland"]
[WhiteFideId "3504794"]
[BlackFideId "34101737"]
[EventDate "2012.08.28"]

1. c4 e6 2. Nf3 Nf6 3. g3 d5 4. Bg2 Be7 5. O-O O-O 6. b3 b6 7. Bb2 Bb7 8. e3
Nbd7 9. d4 c5 10. cxd5 Nxd5 11. Nbd2 Rc8 12. Qb1 cxd4 13. exd4 Nb4 14. Nc4 Nf6
15. Qd1 Qc7 16. a3 Nbd5 17. Rc1 Qb8 18. Qe2 Rfd8 19. Rfe1 Qa8 20. Nce5 h6 21.
Nxf7 Kxf7 22. Qxe6+ Kg6 23. Qf5+ Kf7 24. Qe6+ Kg6 25. Bh3 h5 26. Bf5+ Kh6 27.
Qf7 1-0

[Event "40th Olympiad Women"]
[Site "Istanbul TUR"]
[Date "2012.08.28"]
[Round "1.13"]
[Board "4"]
[White "Walta, Paivi"]
[Black "Arribas Robaina, Maritza"]
[Result "0-1"]
[WhiteTitle "WFM"]
[BlackTitle "WGM"]
[WhiteElo "1808"]
[BlackElo "2296"]
[WhiteTeam "Finland"]
[BlackTeam "Cuba"]
[WhiteFideId "504513"]
[BlackFideId "3501418"]
[EventDate "2012.08.28"]

1. e4 e6 2. d4 d5 3. exd5 exd5 4. c4 Nf6 5. Nc3 c6 6. Bd3 Be6 7. cxd5 Nxd5 8.
Nf3 Be7 9. O-O Nd7 10. Re1 O-O 11. Bd2 Re8 12. Rc1 h6 13. Bb1 N7f6 14. Ne4 Nxe4
15. Bxe4 Qb6 16. Rb1 Nf6 17. d5 Bxd5 18. Bxd5 Nxd5 19. b4 Bf6 20. Qb3 Rad8 21.
a4 Rxe1+ 22. Rxe1 a5 23. b5 cxb5 24. axb5 Nb4 25. Qc4 Nd3 26. Be3 Qd6 27. Rb1
Nb2 28. Qc1 a4 29. Nd2 Qb4 30. b6 a3 31. Qf1 a2 32. Ra1 Nc4 0-1

[Event "40th Olympiad Women"]
[Site "Istanbul TUR"]
[Date "2012.08.28"]
[Round "1.14"]
[Board "1"]
[White "Colombo, Camila"]
[Black "Rozic, Vesna"]
[Result "0-1"]
[WhiteTitle "WIM"]
[BlackTitle "WIM"]
[WhiteElo "2095"]
[BlackElo "2260"]
[WhiteTeam "Uruguay"]
[BlackTeam "Slovenia"]
[WhiteFideId "3001822"]
[BlackFideId "14604000"]
[EventDate "2012.08.28"]

1. d4 d5 2. c4 c6 3. Nc3 Nf6 4. Qc2 a6 5. cxd5 cxd5 6. Bg5 Nc6 7. e3 e6 8. Nf3
Be7 9. Be2 O-O 10. O-O Bd7 11. Rfc1 Rc8 12. Qd1 b5 13. Ne5 Na5 14. Bd3 Nc4 15.
Qe2 h6 16. Bh4 Nd6 17. a3 Re8 18. f3 Nh7 19. Bf2 Nf8 20. e4 dxe4 21. fxe4 f6 22.
Nf3 Nf7 23. e5 Bc6 24. exf6 Bxf6 25. Ne5 Nxe5 26. dxe5 Bxe5 27. Qxe5 Qxd3 28.
Bd4 Qg6 29. g3 Nd7 30. Qd6 Qg4 31. Rf1 e5 32. Be3 Re6 33. Qd2 Nf6 34. Qe2 Qxe2
35. Nxe2 Ne4 36. Rac1 Rce8 37. Rc2 Ng5 38. Bxg5 hxg5 39. Nc3 g4 40. Re1 Bf3 41.
Ne4 R6e7 42. Rc6 Rd7 43. Rxa6 Rd4 44. Nc3 b4 45. Nb5 Rd2 46. Rd6 Rxb2 47. axb4
e4 48. Nc7 Rc8 49. Nd5 Rg2+ 50. Kf1 Rcc2 51. Ra1 Rxh2 52. Rd8+ Kh7 0-1